[Event "SWE-chT 9900"]
[Site "Sweden"]
[Date "2000.??.??"]
[Round "11"]
[White "Dzevlan, Miralem"]
[Black "Bator, Robert"]
[Result "0-1"]
[WhiteElo "2435"]
[BlackElo "2431"]
[PlyCount "72"]
[EventDate "1999.11.??"]
[EventType "team-tourn"]
[EventRounds "11"]
[EventCountry "SWE"]
[SourceTitle "EXT 2002"]
[Source "ChessBase"]
[SourceDate "2001.11.25"]
[SourceVersion "1"]
[SourceVersionDate "2001.11.25"]
[SourceQuality "1"]

1. d4 Nf6 2. Nf3 c5 3. d5 b5 4. c4 Bb7 5. a4 Qa5+ 6. Bd2 b4 7. Qc2 g6 8. e4 d6 9. Bd3 Bg7 10. 0-0 Nbd7 11. h3 e5 12. dxe6 fxe6 13. Ng5 Nf8 14. f4 e5 15. Be3 Qc7 16. Nd2 exf4 17. Bxf4 0-0-0 18. Bh2 h6 19. e5 dxe5 20. Ngf3 N6d7 21. Rae1 Ne6 22. Bxg6 Nf4 23. Be4 Rhg8 24. Kh1 Bf6 25. Rf2 Rdf8 26. Bxb7+ Qxb7 27. Ne4 Qc6 28. Rd2 Be7 29. Red1 b3 30. Qb1 Nxh3 31. Rxd7 Rxf3 32. gxh3 Re3 33. Bxe5 Rxh3+ 34. Bh2 Rxh2+ 35. Kxh2 Qg6 36. Nd6+ Bxd6+ 0-1

[Event "SWE-chT 9900"]
[Site "Sweden"]
[Date "2000.??.??"]
[Round "8"]
[White "Dzevlan, Miralem"]
[Black "Furhoff, Johan"]
[Result "1-0"]
[WhiteElo "2435"]
[BlackElo "2281"]
[PlyCount "65"]
[EventDate "1999.11.??"]
[EventType "team-tourn"]
[EventRounds "11"]
[EventCountry "SWE"]
[SourceTitle "EXT 2002"]
[Source "ChessBase"]
[SourceDate "2001.11.25"]
[SourceVersion "1"]
[SourceVersionDate "2001.11.25"]
[SourceQuality "1"]

1. d4 d5 2. c4 c6 3. Nf3 Nf6 4. e3 Bg4 5. Nc3 e6 6. Qb3 Qb6 7. Bd3 Nbd7 8. Qc2 g6 9. Bd2 Bg7 10. cxd5 exd5 11. b4 0-0 12. 0-0 Bxf3 13. gxf3 Qxb4 14. Rab1 Qd6 15. Rxb7 c5 16. Rfb1 cxd4 17. Nb5 Qe5 18. exd4 Qh5 19. Qd1 Qh4 20. Bf1 Nb6 21. Qc1 Nc4 22. Bg5 Qh5 23. Qf4 Ne8 24. Be7 Bh6 25. Qg4 Nd2 26. Qxh5 gxh5 27. Rd1 Nxf3+ 28. Kg2 Ng5 29. Bxf8 Kxf8 30. Rxa7 Rc8 31. Bd3 Nf6 32. Nd6 Rc3 33. h4 1-0

[Event "SWE-chT 9900"]
[Site "Sweden"]
[Date "2000.??.??"]
[Round "10"]
[White "Dzevlan, Miralem"]
[Black "Helgason, Reynir"]
[Result "1-0"]
[WhiteElo "2435"]
[BlackElo "2350"]
[PlyCount "93"]
[EventDate "1999.11.??"]
[EventType "team-tourn"]
[EventRounds "11"]
[EventCountry "SWE"]
[SourceTitle "EXT 2002"]
[Source "ChessBase"]
[SourceDate "2001.11.25"]
[SourceVersion "1"]
[SourceVersionDate "2001.11.25"]
[SourceQuality "1"]

1. d4 d5 2. c4 dxc4 3. Nf3 Nf6 4. e3 e6 5. Bxc4 a6 6. Qe2 c5 7. 0-0 b5 8. Bb3 Bb7 9. Nc3 Nbd7 10. Rd1 Qb8 11. d5 exd5 12. Bxd5 Bxd5 13. Nxd5 Nxd5 14. Rxd5 Be7 15. e4 Qb7 16. Bg5 f6 17. Bf4 0-0 18. Re1 Rfe8 19. Qc2 Bf8 20. Rd2 c4 21. e5 Bb4 22. Rxd7 Qxd7 23. Rd1 Qc6 24. Rd4 Rad8 25. h3 Qe6 26. Qd1 Rxd4 27. Qxd4 fxe5 28. Bxe5 Bf8 29. a3 Qf7 30. Qb6 Qd5 31. Qc7 h6 32. h4 Kh7 33. Bd4 Re4 34. Qa7 Rg4 35. Kh1 Qe6 36. g3 Qe4 37. Kg2 Rg6 38. Qf7 Qe7 39. Qf5 h5 40. Ng5+ Kh6 41. Be3 Qb7+ 42. Kh2 Be7 43. Ne6+ Kh7 44. Qxh5+ Rh6 45. Bxh6 g6 46. Qe5 Kxh6 47. Qh8# 1-0

[Event "SWE-chT 9900"]
[Site "Sweden"]
[Date "2000.??.??"]
[Round "7"]
[White "Dzevlan, Miralem"]
[Black "Persson, Mats Ove"]
[Result "1-0"]
[WhiteElo "2435"]
[BlackElo "2025"]
[PlyCount "79"]
[EventDate "1999.11.??"]
[EventType "team-tourn"]
[EventRounds "11"]
[EventCountry "SWE"]
[SourceTitle "EXT 2002"]
[Source "ChessBase"]
[SourceDate "2001.11.25"]
[SourceVersion "1"]
[SourceVersionDate "2001.11.25"]
[SourceQuality "1"]

1. d4 Nf6 2. c4 e6 3. Nf3 Bb4+ 4. Nbd2 0-0 5. a3 Be7 6. e4 d5 7. e5 Ne4 8. Bd3 Nxd2 9. Bxd2 dxc4 10. Bxc4 b6 11. Qe2 Bb7 12. Bc3 c5 13. Rd1 Qc7 14. 0-0 Rd8 15. dxc5 bxc5 16. Rxd8+ Bxd8 17. Rc1 Nd7 18. Ba6 Bd5 19. Bd3 Qb7 20. Ba6 Qc7 21. Bc4 Bb7 22. Bd3 Bd5 23. Be4 Qc6 24. Bxd5 exd5 25. b4 cxb4 26. axb4 Bb6 27. Bb2 Qh6 28. Rd1 Qe6 29. Qd3 Rd8 30. Ng5 Qh6 31. Qf5 Qh5 32. g4 Qh4 33. e6 Bxf2+ 34. Kg2 Nf6 35. exf7+ Kf8 36. Bxf6 gxf6 37. Ne6+ Kxf7 38. Nxd8+ Ke7 39. Rxd5 Bb6 40. Qe6+ 1-0

[Event "SWE-chT 9900"]
[Site "Sweden"]
[Date "2000.??.??"]
[Round "9"]
[White "Kinnmark, Ove"]
[Black "Dzevlan, Miralem"]
[Result "1-0"]
[WhiteElo "2365"]
[BlackElo "2435"]
[PlyCount "81"]
[EventDate "1999.11.??"]
[EventType "team-tourn"]
[EventRounds "11"]
[EventCountry "SWE"]
[SourceTitle "EXT 2002"]
[Source "ChessBase"]
[SourceDate "2001.11.25"]
[SourceVersion "1"]
[SourceVersionDate "2001.11.25"]
[SourceQuality "1"]

1. e4 c5 2. Nf3 d6 3. c3 Nf6 4. h3 Nc6 5. d3 g6 6. Be2 Bg7 7. 0-0 0-0 8. Re1 d5 9. e5 Ne8 10. d4 Nc7 11. Be3 Ne6 12. Qd2 Qc7 13. Bf1 Rd8 14. Na3 a6 15. Nc2 cxd4 16. cxd4 Qb6 17. b4 Bd7 18. a4 Rdc8 19. Ra2 Qd8 20. Bd3 Be8 21. h4 a5 22. b5 Nb8 23. Bh6 Nd7 24. h5 Nb6 25. Bxg7 Kxg7 26. Ne3 Bd7 27. Ng4 Qf8 28. Ne3 Kg8 29. Nf1 Rc7 30. Ra3 Qg7 31. N1h2 g5 32. Bf1 h6 33. g3 Nc4 34. Bxc4 Rxc4 35. Ng4 Nxd4 36. Nxh6+ Qxh6 37. Nxd4 Qxh5 38. e6 fxe6 39. Re5 Rxd4 40. Qxd4 Kf7 41. g4 1-0

[Event "Stockholm Tusenmanna"]
[Site "Stockholm"]
[Date "2000.??.??"]
[Round "?"]
[White "Logdahl, Harald"]
[Black "Dzevlan, Miralem"]
[Result "0-1"]
[WhiteElo "2249"]
[BlackElo "2414"]
[PlyCount "60"]
[EventDate "2000.??.??"]
[EventType "tourn"]
[EventRounds "3"]
[EventCountry "SWE"]
[EventCategory "6"]
[SourceTitle "EXT 2003"]
[Source "ChessBase"]
[SourceDate "2002.11.25"]
[SourceVersion "1"]
[SourceVersionDate "2002.11.25"]
[SourceQuality "1"]

1. e4 c5 2. c4 Nc6 3. Nc3 g6 4. d3 Bg7 5. g3 e6 6. Bg2 d6 7. Nge2 Nge7 8. 0-0 0-0 9. Be3 Nd4 10. Qd2 Nec6 11. Bh6 Rb8 12. Bxg7 Kxg7 13. f4 f6 14. Rf2 Bd7 15. Raf1 Qa5 16. g4 Nxe2+ 17. Rxe2 Nd4 18. Ref2 b5 19. b3 Bc6 20. g5 bxc4 21. dxc4 e5 22. f5 fxg5 23. f6+ Kh8 24. f7 Qd8 25. h4 Rb7 26. Bh3 Kg7 27. hxg5 Rbxf7 28. Rxf7+ Rxf7 29. Rxf7+ Kxf7 30. Qg2 Qxg5 0-1

[Event "Stockholm Tusenmanna"]
[Site "Stockholm"]
[Date "2000.??.??"]
[Round "?"]
[White "Vernersson, Per"]
[Black "Dzevlan, Miralem"]
[Result "1-0"]
[WhiteElo "2374"]
[BlackElo "2414"]
[PlyCount "57"]
[EventDate "2000.??.??"]
[EventType "tourn"]
[EventRounds "3"]
[EventCountry "SWE"]
[EventCategory "6"]
[SourceTitle "EXT 2003"]
[Source "ChessBase"]
[SourceDate "2002.11.25"]
[SourceVersion "1"]
[SourceVersionDate "2002.11.25"]
[SourceQuality "1"]

1. Nf3 d5 2. c4 c6 3. d4 Nf6 4. cxd5 cxd5 5. Nc3 Nc6 6. Bf4 e6 7. e3 Bd6 8. Bxd6 Qxd6 9. Bd3 0-0 10. 0-0 Bd7 11. Rc1 Rfc8 12. a3 a6 13. Na4 Nd8 14. Nc5 a5 15. Ne5 Be8 16. Qb3 b6 17. Na4 Bxa4 18. Qxa4 Kf8 19. g3 Ke7 20. Rc2 Rxc2 21. Qxc2 h6 22. Rc1 Ra7 23. Bb5 Ne8 24. Bxe8 Kxe8 25. Qh7 f6 26. Rc8 fxe5 27. Qg8+ Ke7 28. Qxg7+ Nf7 29. Rf8 1-0

[Event "Salongernas IM"]
[Site "Stockholm"]
[Date "1999.06.11"]
[Round "7"]
[White "Kallio, Heikki"]
[Black "Dzevlan, Miralem"]
[Result "1-0"]
[WhiteElo "2352"]
[BlackElo "2435"]
[PlyCount "47"]
[EventDate "1999.06.??"]
[EventType "tourn"]
[EventRounds "9"]
[EventCountry "SWE"]
[EventCategory "5"]
[SourceTitle "CBM 070 Extra"]
[Source "ChessBase"]
[SourceDate "1999.07.10"]
[SourceVersion "1"]
[SourceVersionDate "1999.07.10"]
[SourceQuality "1"]

1. d4 Nf6 2. Nf3 g6 3. Nc3 d5 4. Bf4 Bg7 5. e3 0-0 6. Be2 c5 7. Ne5 b6 8. h4 Bb7 9. h5 Nc6 10. hxg6 hxg6 11. Bg4 cxd4 12. exd4 Nxd4 13. Qd3 Nc6 14. Qh3 Nxe5 15. Bxe5 Re8 16. 0-0-0 Kf8 17. Rd4 a6 18. Rf4 Bc8 19. Qh2 Bxg4 20. Rxg4 e6 21. Rh4 Ke7 22. Qf4 Kd7 23. Qa4+ Kc8 24. Qc6+ 1-0